000
00344nam a2200133Ia 4500
008
151213s9999 xx 000 0 und d
100
_a
Alladi Uma
245
_a
Toni Morrisum :An Intricate Spectrum
_c
Alladi Uma
260
_a
New Delhi
_b
Arrald Assea
_c
1996
300
_a
3533 p.
650
_a
English
700
_a
Alladi Uma
999
_c
2339
_d
2339